Bridging the Language Gap-Kitab Ghar / (Record no. 536081)

000 -LEADER
fixed length control field 00590nam a22001697a 4500
020 ## - INTERNATIONAL STANDARD BOOK NUMBER
Qualifying information Hard Cover.
082 ## - DEWEY DECIMAL CLASSIFICATION NUMBER
Classification number 004
100 ## - MAIN ENTRY--PERSONAL NAME
Personal name Baig, Maryam and Rohma, Shakeel
245 ## - TITLE STATEMENT
Title Bridging the Language Gap-Kitab Ghar /
Statement of responsibility, etc. Maryam Baig, and Rhma, Shakeel
260 ## - PUBLICATION, DISTRIBUTION, ETC.
Place of publication, distribution, etc. Islamabad :
Name of publisher, distributor, etc. SEECS - NUST,
Date of publication, distribution, etc. 2018.
300 ## - PHYSICAL DESCRIPTION
Extent 41 p. ; ill. ;
Dimensions 30cm,
Accompanying material CD.
650 ## - SUBJECT ADDED ENTRY--TOPICAL TERM
Topical term or geographic name entry element Software Engineering-Project Report.
700 ## - ADDED ENTRY--PERSONAL NAME
Personal name Mr. Maajid Maqbool.
856 ## - Uniform Resource Identifier
Uniform Resource Identifier <a href="http://10.250.8.41:8080/xmlui/handle/123456789/29519">http://10.250.8.41:8080/xmlui/handle/123456789/29519</a>
942 ## - ADDED ENTRY ELEMENTS (KOHA)
Source of classification or shelving scheme
Koha item type Project Report
650 ## - SUBJECT ADDED ENTRY--TOPICAL TERM
-- 30818
700 ## - ADDED ENTRY--PERSONAL NAME
-- 31004
Holdings
Withdrawn status Lost status Source of classification or shelving scheme Damaged status Not for loan Permanent Location Current Location Shelving location Date acquired Full call number Barcode Date last seen Price effective from Koha item type
WITHDRAWN         Central Library (CL) Central Library (CL) Thesis 09/30/2020 004 CL-BP-263 09/30/2020 09/30/2020 Project Report
© 2023 Central Library, National University of Sciences and Technology. All Rights Reserved.